Anime Villains Quiz #1 (Picture) - Statistics

General Stats
  • This quiz has been taken 324 times
  • The average score is 14 of 25
Answer Stats
Picture Answer % Correct
Donquixote Doflamingo
86%
Pain
86%
Madara Uchiha
84%
Blackbeard
82%
Obito Uchiha
82%
Sosuke Aizen
81%
Muzan Kibutsuji
80%
Cell
76%
Frieza
74%
Kaido
73%
Meruem
70%
Eren Yeager
65%
Shigaraki Tomura
55%
Griffith
52%
Esdeath
44%
Yhwach
44%
Askeladd
42%
Ulquiorra Cifer
40%
Johan Liebert
38%
Shou Tucker
33%
Father
29%
Adam Smasher
24%
Zeref Dragneel
18%
Isabella
17%
Gendo Ikari
15%
No matching quizzes found
Score Distribution
Percent of People with Each Score
Percentile by Number Answered
Your Score History
You have not taken this quiz